Estaciones de Metro de Buenos Aires - Estadísticas

Estadísticas generales
  • Esta prueba ha sido intentada 70 veces
  • La puntuación promedio es 49 de 108
Respuestas en el mapa
Las respuestas están codificadas por una escala verde-roja en el mapa de la prueba según el % correcto abajo.
 
Estadísticas de respuestas
Respuesta % Correcto
Constitución
84%
Palermo
82%
Plaza de Mayo
82%
Retiro
82%
Catedral
76%
Congreso
76%
Facultad de Medicina
76%
Hospitales
76%
9 de Julio
74%
Congreso de Tucumán
74%
Facultad de Derecho
74%
Bulnes
68%
Independencia
68%
Independencia (E)
68%
Plaza Italia
68%
Pueyrredón
68%
Corrientes
66%
General San Martín
66%
Leandro N. Alem
66%
Plaza Miserere
66%
Pueyrredón
66%
Aguero
63%
Callao
63%
Callao (D)
63%
Juan Manuel de Rosas
63%
Perú
63%
Belgrano
61%
Ministro Carranza
61%
Plaza de los Virreyes
61%
San Pedrito
61%
Scalabrini Ortiz
61%
Correo Central
58%
Lima
58%
Once
58%
Santa Fe - Carlos Jáuregui
58%
Córdoba
55%
José Hernández
55%
Río de Janeiro
55%
Las Heras
53%
San José
53%
San Juan
53%
Venezuela
53%
Alberti
50%
Juramento
50%
Olleros
50%
Primera Junta
50%
Puan
50%
Tribunales
50%
Bolívar
47%
Carabobo
47%
Carlos Gardel
47%
Diagonal Norte
47%
Florida
47%
Jujuy
47%
Medalla Milagrosa
47%
Moreno
47%
Pasco
47%
Uruguay
47%
Ángel Gallardo
45%
Avenida de Mayo
45%
Carlos Pellegrini
45%
Entre Ríos - Rodolfo Walsh
45%
Parque Patricios
45%
Pasteur - AMIA
45%
Saenz Peña
45%
Avenida La Plata
42%
Humberto I
42%
Lavalle
42%
San José de Flores
42%
Acoyte
39%
Caseros
39%
Catalinas
39%
Federico Lacroze
39%
General Urquiza
39%
Inclán
39%
Loria
39%
Los Incas - Parque Chas
39%
Medrano
39%
Piedras
39%
Tronador - Villa Ortúzar
39%
Varela
39%
Boedo
37%
Dorrego
37%
Emilio Mitre
37%
Pichincha
37%
José María Moreno
34%
Castro Barros
32%
Malabia - Osvaldo Pugliese
29%
Echeverría
21%
Intendente Saguier
11%
General Savio
8%
Pola
5%
Balbastro
3%
Cecilia Grierson
3%
Mariano Acosta
3%
Ana Díaz
0%
Ana María Janer
0%
Centro Cívico Villa Lugano
0%
Escalada
0%
Fernández de la Cruz
0%
Gabino Ezeiza
0%
Larrazábal
0%
Nicolás Descalzi
0%
Nuestra Señora de Fátima
0%
Parque de la Ciudad
0%
Presidente Illia - Lacarra
0%
Somellera
0%
No se encontraron pruebas coincidentes
Distribución de puntuación
Porcentaje de gente con cada puntuación
Porcentaje por número respondido
Historial de tus puntuaciones
No has intentado esta prueba.